000 00894nam a2200229 i 4500
001 185243
003 SpMaBN
005 20231129140051.0
008 160425r20071947sp a f |||| | spa d
020 _a978-84-473-5187-9
080 _a811.134.2'36(07)
245 0 0 _aGramática española
_b: segundo grado /
_cpor Edelvives.
260 _a[Barcelona :
_bRBA Coleccionables,
_c2007]
300 _a216 p. :
_bil. col. ;
_c21 cm.
490 1 _aColección de textos escolares. III, Lengua española ;
_v3
534 _pReprod. de la ed. de:
_cZaragoza: Luis Vives, 1947 (
_fColección de textos escolares. III, Lengua española; 3)
710 2 _aEditorial Luis Vives.
_93445
830 0 _aColección de textos escolares. III, Lengua española ;
_v3
_9225178
852 _aES-MaACL
_jA-13715
_zenc. cart.
_9 192263
_bR.150367
_cDEPO1
_dOlim: N-6715
942 _2udc
999 _c185243
_d185243